| 000 | 00415nam a2200133Ia 4500 | ||
|---|---|---|---|
| 005 | 20260328101513.0 | ||
| 008 | 260328s9999||||xx |||||||||||||| ||und|| | ||
| 100 | _aSociedad Colombiana de Arquitectos | ||
| 245 | 0 |
_a13° Anuario de la Arquitectura de Colombia / _cSociedad Colombiana de Arquitectos |
|
| 260 | _bSociedad Colombiana de Arquitectos | ||
| 300 | _a138 p. | ||
| 650 | _aARQUITECTURA REGIONAL | ||
| 942 | _cBK | ||
| 999 |
_c9267 _d9267 |
||